The Beatles: Questions from The Lyrics - Statistics

General Stats
  • This quiz has been taken 50 times
  • The average score is 48 of 73
Answer Stats
Question Answer % Correct
What has John been working like? (Hint: On A Hard Day's Night) A dog
91%
What did Paul’s heart do when he crossed that room? (Hint: On Please Please Me) Went boom
91%
What will Paul do while he’s away? (Hint: On With The Beatles) Write home every day
88%
John found that love was more than what? (Hint: On A Hard Day's Night) Just holding hands
86%
If you saw Paul’s love, what would you do? (Hint: On A Hard Day's Night) Love her too
84%
What will Paul do if it makes you feel alright? (Hint: On A Hard Day's Night) Buy you diamond rings
81%
There’s nothing George would rather do than what? (Hint: On A Hard Day's Night) Dance with you
81%
What didn’t John need when he was younger, so much younger than today? (Hint: On Help!) Anybody’s help in any way
79%
What is all you need? (Hint: On Magical Mystery Tour) Love
79%
Who is the girl with kaleidoscope eyes? (Hint: On Sgt. Pepper's Lonely Hearts Club Band) Lucy
79%
Where did Paul’s worries seem to be yesterday? (Hint: On Help!) So far away
79%
What is the place that John is going to where nothing is real? (Hint: On Magical Mystery Tour) Strawberry Fields
79%
What is Eleanor Rigby wearing as she waits at the window? (Hint: On Revolver) The face that she keeps in a jar by the door
79%
What does something in the way she moves do to George? (Hint: On Abbey Road) Attracts him like no other lover
77%
Where would Ringo like to be with you? (Hint: On Abbey Road) In an octopus's garden
77%
What song does Paul want to get up and dance to? (Hint: On Magical Mystery Tour) A song that was hit before your mother was born
74%
Tomorrow may rain, so what will Paul do? (Hint: On Beatles For Sale) Follow the sun
74%
How does John feel about the people who think he’s lazy? (Hint: On Revolver) He doesn’t mind, he thinks they’re crazy
74%
What does Paul say when you say goodbye? (Hint: On Magical Mystery Tour) "Hello"
74%
When Paul finds himself in times of trouble, who comes to him? (Hint: On Let It Be) Mother Mary
74%
What did John get when he came to your door? (Hint: On Beatles For Sale) No reply
74%
Who is Mean Mr. Mustard’s sister? (Hint: On Abbey Road) Polythene Pam
74%
When did Sgt. Pepper teach the band to play? (Hint: On Sgt. Pepper's Lonely Hearts Club Band) Twenty years ago
74%
Who lived in the town where Ringo was born? (Hint: On Revolver) A man who sailed the sea
72%
What does George see when he looks at the floor? (Hint: On The Beatles/The White Album) That it needs sweeping
72%
In the end, what is the love you take equal to? (Hint: On Abbey Road) The love you make
72%
What does the fool on the hill see? (Hint: On Magical Mystery Tour) The sun going down
72%
What does Paul’s love change his life with? (Hint: On Revolver) A wave of her hand
70%
What does Paul do in the middle of the celebrations? (Hint: On Abbey Road) He breaks down
70%
Say the word I’m thinking of! (Hint: On Rubber Soul) Love
70%
What was Maxwell Edison majoring in? (Hint: On Abbey Road) Medicine
70%
Who makes John dizzy? (Hint: On Help!) Miss Lizzy
70%
Paul is fixing a hole where what gets in? (Hint: On Sgt. Pepper's Lonely Hearts Club Band) Rain
70%
If you drive a car, what will the taxman do? (Hint: On Revolver) Tax the street
70%
Where does the long and winding road lead Paul? (Hint: On Let It Be) Your door
70%
Will Paul wait a lonely lifetime? (Hint: On The Beatles/The White Album) If you want him to, he will
67%
Had it been another day, what might have Paul done? (Hint: On Help!) Looked the other way
67%
What are the only words Paul knows that you’ll understand? (Hint: On Rubber Soul) "Sont les mots qui vont tres bien ensemble"
67%
What will Paul rent if it’s not too dear? (Hint: On Sgt. Pepper's Lonely Hearts Club Band) A cottage in the Isle of Wight
65%
What would John give you everything he’s got for? (Hint: On The Beatles/The White Album) A little peace of mind
65%
What is in the fireman’s pocket? (Hint: On Magical Mystery Tour) A portrait of the Queen
65%
When baby’s in black, how are John and Paul feeling? (Hint: On Beatles For Sale) Blue
65%
What does Nowhere Man see? (Hint: On Rubber Soul) Just what he wants to see
65%
Is Ringo sad because he’s on his own? (Hint: On Sgt. Pepper's Lonely Hearts Club Band) No, he gets by with a little help from his friends
63%
What’s going to change John’s world? (Hint: On Let It Be) Nothing
63%
What has Martha always been? (Hint: On The Beatles/The White Album) Paul's inspiration
63%
What are you doing to Ringo when you treat him so unkind? (Hint: On Rubber Soul) Tearing him apart
63%
When can you count John out? (Hint: On The Beatles/The White Album) When you talk about destruction
63%
What did John read about in the news today? (Hint: On Sgt. Pepper's Lonely Hearts Club Band) A lucky man who made the grade
60%
What is all John has to do? (Hint: On With The Beatles) Call you on the phone
60%
Since John doesn’t want to spoil the party, what will he do? (Hint: On Beatles For Sale) He'll go
60%
What will happen to Paul if you leave him? (Hint: On Abbey Road) He'll never make it alone
60%
Why doesn’t George want you to bother him? (Hint: On With The Beatles) She left him on his own
60%
What will happen tonight for the benefit of Mr. Kite? (Hint: On Sgt. Pepper's Lonely Hearts Club Band) There will be a show in trampoline
60%
What is Ringo listening for? (Hint: On The Beatles/The White Album) Your footsteps coming up the drive
58%
How long is the Paperback Writer’s book? (Hint: Non-Album Single) A thousand pages, give or take a few
56%
What was the King of Marigold doing in the kitchen? (Hint: On The Beatles/The White Album) Cooking breakfast for the Queen
56%
Sunday’s on the phone to Monday and Tuesday’s on the phone to who? (Hint: On Abbey Road) Paul
56%
What does Molly still do in the evening? (Hint: On The Beatles/The White Album) Sings it with the band
56%
What was the one love John should never have crossed? (Hint: On Beatles For Sale) A girl in a million
53%
Paul thinks it’s getting better, but what does John think? (Hint: On Sgt. Pepper's Lonely Hearts Club Band) It can't get no worse!
53%
If you’re feeling sorry and sad, what would John do? (Hint: On A Hard Day's Night) Really sympathize
53%
What does Paul have when the sun is out? (Hint: On Revolver) Something he can laugh about
53%
Where did George leave you far behind? (Hint: On Rubber Soul) The ruins of the life that you had in mind
53%
What do people tell John when he’s walking beside her? (Hint: On Beatles For Sale) He's lucky
51%
What will John say when you ask him why? (Hint: On Please Please Me) "I love you and I’m always thinking of you"
51%
When John cannot sing his heart, what can he do? (Hint: On The Beatles/The White Album) Speak his mind
51%
What makes Paul weak in the knee? (Hint: On The Beatles/The White Album) The thought of meeting you
49%
Why did John ask you not to wear red tonight? (Hint: Non-Album Single) Because red is the color that his baby wore
47%
How big is the chip on John’s shoulder? (Hint: On A Hard Day's Night) Bigger than his feet
44%
What was the name of the girl of Rocky Raccoon’s fancy? (Hint: On The Beatles/The White Album) Magill
40%
Paul never gives you his number, but what does he give you? (Hint: On Abbey Road) His situation
35%
If you put your trust in Paul, what will he do? (Hint: On Help!) Make bright your day
30%
No matching quizzes found
Score Distribution
Percent of People with Each Score
Percentile by Number Answered
Your Score History
You have not taken this quiz